Central Library OPAC University of Rajshahi

Culture, socialization and human development : (Record no. 33679)

MARC details
000 -LEADER
fixed length control field 01157cam a2200313 a 4500
001 - CONTROL NUMBER
control field 33679
003 - CONTROL NUMBER IDENTIFIER
rucl marc code BD-RjUL
005 - DATE AND TIME OF LATEST TRANSACTION
control field 20211209052037.0
008 - FIXED-LENGTH DATA ELEMENTS--GENERAL INFORMATION
fixed length control field 140511s1999 ii b 001 0 eng
020 ## - INTERNATIONAL STANDARD BOOK NUMBER
International Standard Book Number 0761993320
International Standard Book Number 8170367972
035 ## - SYSTEM CONTROL NUMBER
System control number (BD-RjUL)33770
040 ## - CATALOGING SOURCE
Original cataloging agency DLC
Transcribing agency DLC
Modifying agency BD-RjUL
Language of cataloging eng
041 ## - LANGUAGE CODE
Language code of text/sound track or separate title eng
082 00 - DEWEY DECIMAL CLASSIFICATION NUMBER
Classification number 303.32
Edition number 21
Author mark and year CUL 1999
245 00 - TITLE STATEMENT
Title Culture, socialization and human development :
Remainder of title theory, research, and applications in India /
Statement of responsibility, etc. edited by T.S. Saraswathi.
260 ## - PUBLICATION, DISTRIBUTION, ETC. (IMPRINT)
Place of publication, distribution, etc. New Delhi ;
-- Thousand Oaks, CA :
Name of publisher, distributor, etc. Sage Publications,
Date of publication, distribution, etc. c1999.
300 ## - PHYSICAL DESCRIPTION
Pagination 438 p. ;
Size 23 cm.
504 ## - BIBLIOGRAPHY, ETC. NOTE
Bibliography, etc Includes bibliographical references and indexes.
650 #0 - SUBJECT ADDED ENTRY--TOPICAL TERM
Topical term or geographic name as entry element Socialization
Geographic subdivision India.
9 (RLIN) 102257
Topical term or geographic name as entry element Child development
Geographic subdivision India.
9 (RLIN) 102258
Topical term or geographic name as entry element Social interaction in children
Geographic subdivision India.
9 (RLIN) 102259
700 1# - ADDED ENTRY--PERSONAL NAME
Personal name Saraswati, T. S.
856 42 - ELECTRONIC LOCATION AND ACCESS
Materials specified Publisher description
Uniform Resource Identifier <a href="http://www.loc.gov/catdir/enhancements/fy0657/99022519-d.html">http://www.loc.gov/catdir/enhancements/fy0657/99022519-d.html</a>
Materials specified Table of contents only
Uniform Resource Identifier <a href="http://www.loc.gov/catdir/enhancements/fy0657/99022519-t.html">http://www.loc.gov/catdir/enhancements/fy0657/99022519-t.html</a>
942 ## - ADDED ENTRY ELEMENTS (KOHA)
Source of classification or shelving scheme Dewey Decimal Classification
Koha item type Books
Holdings
Lost status Source of classification or shelving scheme Damaged status Not for loan Collection code Permanent Location Current Location Shelving location Date acquired Source of acquisition Cost, normal purchase price Total Checkouts Full call number Date last seen Copy number Koha item type
  Dewey Decimal Classification     Non-fiction Central Library, University of Rajshahi Central Library, University of Rajshahi Reading Room 03/11/2002 Dhaka, Paragon Enterprises Ltd. 519.00   303.32 CUL 1999 11/05/2014 C-5 Books
  Dewey Decimal Classification   Not For Loan   Central Library, University of Rajshahi Central Library, University of Rajshahi Reading Room 03/11/2002 Paragon 519.00   303.32 CUL 1999 11/05/2014 C-1 Books
  Dewey Decimal Classification       Central Library, University of Rajshahi Central Library, University of Rajshahi   03/11/2002 Paragon 519.00   303.32 CUL 1999 11/05/2014 C-3 Books
  Dewey Decimal Classification     Non-fiction Central Library, University of Rajshahi Central Library, University of Rajshahi   03/11/2002 Paragon Enterprise, Dhaka. 519.00   303.32 CUL 1999 12/05/2014 C-4 Books
  Dewey Decimal Classification     Rare Books Central Library, University of Rajshahi Central Library, University of Rajshahi   03/11/2002 Paragon Enterprise Lit., Dhaka 519.00   303.32 CUL 1999 03/08/2016 C-2 Books